000 01372nam a22003617a 4500
003 CHAP
005 20220817044444.0
008 110608s1966 mx r 00010 spa d
010 _a101441
011 _a102413
035 _a113101
040 _cCHAP
090 _aTesis
100 1 _aZamudio Rodríguez, José Manuel.
_9123565
245 1 0 _aProcedimientos de construcción, programación, analisis de costos y controles, para instalar el sistema de protección catodica del muelle de descarga que petroleos méxicanos tiene en Guaymas, Sonora
_c/por José Manuel Zamudio Rodríguez
260 _aMéxico, D.F. :
_bEl autor,
_c1966
300 _a209 h. :
_bilus.
502 _aTesis (Ing. Civil) -- UNAM. Facultad de Ingeniería
590 _aALEPH
_b10
_c20130110
_lUCH01
_h1540
590 _aBATCH-UPD
_b10
_c20130110
_lUCH01
_h1306
590 _aBATCH-UPD
_b10
_c20130410
_lUCH01
_h0822
590 _aBATCH-UPD
_b10
_c20130914
_lUCH01
_h1012
590 _aCONVERSION
_b10
_c20130109
_lUCH01
_h1356
650 1 4 _aAnalisis de costos y beneficio.
_95966
650 1 4 _aCombustibles
_xMedidas de seguridad.
_925555
650 1 4 _aConstrucción.
_927383
650 1 4 _aPetróleo
_zMéxico.
_987678
650 1 4 _aProgramación.
650 1 4 _aPuertos.
_992938
901 _aBK
942 _cTESIS
949 _aTesis
_bBC
_cTES
_d33724002247819
_eTS1
_gDonaciØn
_h52368
_i113101
_sb
999 _c101441
_d101441